| 000 | 01159nabaa22001937a 4500 | ||
|---|---|---|---|
| 999 |
_c6164 _d6164 |
||
| 003 | OSt | ||
| 005 | 20260123205209.0 | ||
| 008 | 190701b xxu||||| |||| 00| 0 spa d | ||
| 040 | _cPJ | ||
| 100 |
_96896 _aBonato, Mauro R. |
||
| 245 | 1 | 3 |
_aActos de gobierno, actos políticos o cuestiones políticas no justiciables : _cla suerte del ave fénix / _bMauro R. Bonato. |
| 300 | _ap. 95-145 | ||
| 500 | _aCita: TR LALEY AR/DOC/363/2024 | ||
| 505 | _aSumario: I. Introducción.— II. En la estéril búsqueda de un concepto.— III. Una consecuencia fundamental.— IV. Origen de la noción.— V. La cuestión en derecho comparado.— VI. Argumentos a favor y en contra de la teoría. Su retroceso.— VII. La cuestión en la República Argentina.— VIII. La cuestión en la jurisprudencia de la Corte Suprema de Justicia de la Nación.— IX. A modo de colofón. | ||
| 505 | _t¿Te interesa el texto completo? Comunicate al correo: koha@justierradelfuego.gov.ar | ||
| 650 | 0 |
_9211 _aDERECHO ADMINISTRATIVO |
|
| 773 | 0 |
_02842 _93251 _dBuenos Aires : AbeledoPerrot, 2012- _oDA121 _tDerecho administrativo. Nº 152 marzo/abril 2024 _z18510590 |
|
| 942 |
_2udc _cANA |
||